| 000 | 00378nam a22001457a 4500 | ||
|---|---|---|---|
| 003 | OSt | ||
| 005 | 20220113151120.0 | ||
| 008 | 220113b |||||||| |||| 00| 0 eng d | ||
| 040 | _cHawassa university | ||
| 050 | _a636.0892/DUK | ||
| 082 |
_2Ninth edition _a636.0892/DUK |
||
| 111 |
_cNew library _927013 |
||
| 245 | _aDukes' physiology domestic animals | ||
| 942 |
_2ddc _cBOOKS _n0 |
||
| 999 |
_c26896 _d26896 |
||